000 02357nam a2200301 a 4500
003 DO-SdBNP
005 20250211100819.0
007 ta
008 220718e2012 dr |||gr|||| 001 fdspa d
020 _a9789945492026
040 _aDO-SdBNP
_bspa
_cBNPHU
_erda
041 _hspa
082 4 _aRD863.4
_bS677a
_222
100 1 _930269
_aVega Batlle, Julio
_d1899-1973
_eautor
245 1 0 _aSobremesa de Anadel :
_bcomentarios a la novela de Julio Vega Batlle /
264 _aSanto Domingo :
_bNacional,
_c2012
300 _a139 páginas ;
_c23 cm
336 _ardacontent
_btexto
_2txt
337 _ardamedia
_bsin mediación
_2n
338 _ardacarrier
_bvolumen
_2nc
500 _aIncluye datos del autor en las solapas
505 _tCircula una obra póstuma de Julio Vega Batlle
_tA suerte y verdad : un rayo, y se paran las aguas /
_rFreddy Gatón Arce.--
_t"Anadel", la novela de la gastrosofía /
_rJosé Luis Parra --
_tJulio Vega Batlle y Anadel /
_rManuel Rueda --
_tHay cualidades cinematografiables en la novela "Anadel" de Julio Vega Batlle /
_rCarlos Curiel --
_tAlgunos apuntes sobre "Anadel" de Julio Vega Batlle /
_rMarianne de Tolentino --
_tAnadel : alegoría política /
_rJuan Tomás Tavares K. --
_tCuadernos de lecturas : Anadel /
_rCarlos Esteban Deive --
_t"Anadel" /
_rSalvador Jorge Blanco --
_t"Anadel", texto múltiple /
_rMarianne de Tolentino --
_tJulio Vega Batlle incluyó dos novelas en Anadel /
_rMaría del C. Prosdocimi --
_tSin miel ni hiel --
_tComentarios culturales /
_rManuel Mora Serrano --
_tEditoriales --
_tSanto Domingo : Anadel, homenaje a Julio Vega Batlle /
_rPedro J. Borrell-Jueves 68.--
_tAnadel : paisaje que sirve de fondo a una novela /
_rMaría Ugarte --
_tSobre gastrosofía :
_rcarta de Julio Vega Vatlle a Franklin Mieses Burgos --
_tUn libro bello e interesante /
_rPedro René Contín Aybar --
_tGastronomía dominicana : historia del sabor criollo. /
_rHugo Tolentino Dipp --
_tProemio /
_rJosé Rafael Lantingua --
_tPalabras de Wenceslao Vega agradeciendo la presentación de la nueva edición de la novela "Anadel" de Julio Vega Batlle.
590 _aInventariado 2022 / MF
600 4 _930269
_aVega Batlle, Julio,
_xCrítica e Interpretación
_d1899-1973
650 0 _aLiteratura dominicana.
_967
910 _aMFeliz/Validado. Control de calidad MFF
942 _2ddc
_cLBS1
999 _c52186
_d52186